| 000 | 01479cam a22004097u 4500 | ||
|---|---|---|---|
| 001 | 16035759 | ||
| 003 | NUST | ||
| 005 | 20211109144719.0 | ||
| 008 | 091228s2010 nyua b 001 0 eng | ||
| 010 | _a 2009944065 | ||
| 015 |
_aGBA984771 _2bnb |
||
| 016 | 7 |
_a015357538 _2Uk |
|
| 020 | _a9781441912152 (hbk. : acidfree paper) | ||
| 020 | _a1441912150 (hbk. : acidfree paper) | ||
| 020 | _z9781441912169 (ebk.) | ||
| 035 | _a(OCoLC)ocn428029439 | ||
| 038 | _aMuzammil | ||
| 040 |
_aUKM _cUKM _dBTCTA _dYDXCP _dCDX _dNUI _dSHH _dHEBIS _dVRC _dDLC |
||
| 042 | _alccopycat | ||
| 050 | 0 | 0 |
_aQA402.3 _b.Z43 2010 |
| 082 | 0 | 4 |
_a003 _222 _bZEC |
| 100 | 1 |
_aZečević, Aleksandar I. _981505 |
|
| 245 | 1 | 0 |
_aControl of complex systems : _bstructural constraints and uncertainty / _cAleksandar I. Zečević, Dragoslav D. Šiljak. |
| 260 |
_aNew York ; _aLondon : _bSpringer, _c2010. |
||
| 300 |
_axiii, 221 p. : _bill. ; _c25 cm. |
||
| 490 | 1 | _aCommunications and control engineering | |
| 504 | _aIncludes bibliographical references and index. | ||
| 563 | _aHard binding | ||
| 650 | 0 |
_aControl theory. _931494 |
|
| 650 | 0 |
_aLarge scale systems. _981506 |
|
| 700 | 1 |
_aSiljak, Dragoslav D. _981507 |
|
| 830 | 0 |
_aCommunications and control engineering. _981508 |
|
| 906 |
_a7 _bcbc _ccopycat _d2 _encip _f20 _gy-gencatlg |
||
| 942 |
_2ddc _cBK |
||
| 999 |
_c586668 _d586668 |
||